000 00512nam a2200169Ia 4500
008 090201s9999 xx 000 0 und d
010 _aKPL-52418
040 _bमराठी
041 _aमराठी
082 _a50228
_b52418
100 _aअजेय झणकर
245 _aसरकारनामा
_cअजेय झणकर
260 _c2006
_bग्रंथाली प्रकाशन
300 _a172
_bमोठा
600 _aसरकारनामा
942 _cBOOK
999 _c246774
_d246774